000 00563nam a2200169 i 4500
001 50016
003 ES-MaACL
005 20230906162113.0
007 t|
008 030728s1962 sp |||| | spa d
100 1 _aCriado de Val, Manuel.
_941605
245 1 0 _aDoña Endrina
_b: adaptación escénica del "Libro del Buen Amor" del Arcipreste de Hita /
_cpor Manuel Criado de Val.
260 _a[Madrid :
_bs.n.,
_c1962]
300 _a51 p. ;
_c21 cm.
600 1 4 _aRuiz, Juan
_cArcipreste de Hita.
_tEl libro de buen amor.
_9100616
852 _aES-MaACL
_jC-21585
999 _c50016
_d50016